Decent interval (Record no. 82489)
[ view plain ]
| 000 -LEADER | |
|---|---|
| fixed length control field | 00413nam a22001457a 4500 |
| 005 - DATE AND TIME OF LATEST TRANSACTION | |
| control field | 20160201151001.0 |
| 008 - FIXED-LENGTH DATA ELEMENTS--GENERAL INFORMATION | |
| fixed length control field | 160201b xxu||||| |||| 00| 0 eng d |
| 040 ## - CATALOGING SOURCE | |
| Transcribing agency | PK-LaUMT |
| 082 ## - DEWEY DECIMAL CLASSIFICATION NUMBER | |
| Classification number | AMC 959.7043 |
| Item number | FRA-D |
| 100 ## - MAIN ENTRY--PERSONAL NAME | |
| Personal name | Frank snepp |
| 245 ## - TITLE STATEMENT | |
| Title | Decent interval |
| Remainder of title | the american debacle in vietnam and the fall of saigon |
| Statement of responsibility, etc | Frank snepp |
| 260 ## - PUBLICATION, DISTRIBUTION, ETC. (IMPRINT) | |
| Place of publication, distribution, etc | London |
| Name of publisher, distributor, etc | Penguin books |
| Date of publication, distribution, etc | 1977 |
| 300 ## - PHYSICAL DESCRIPTION | |
| Extent | 496 p. |
| 942 ## - ADDED ENTRY ELEMENTS (KOHA) | |
| Koha item type | Books |
| Withdrawn status | Lost status | Damaged status | Home library | Current library | Date acquired | Full call number | Barcode | Date last seen | Price effective from | Koha item type |
|---|---|---|---|---|---|---|---|---|---|---|
| UMT Main Campus | UMT Main Campus | 2016-02-01 | AMC 959.7043 FRA-D | 85727 | 2016-02-01 | 2016-02-01 | Books |
